Loading...
Seasonal summary of research results for rabi 1987-88: National agricultural research project (southern region)
| Format: | Report |
|---|---|
| Published: |
Vellayani
College of Agriculture
1988
|
| LEADER | 00523nam a22001337a 4500 | ||
|---|---|---|---|
| 003 | OSt | ||
| 082 | |a IR COA/SS |b 1987-88 | ||
| 245 | |a Seasonal summary of research results for rabi 1987-88: |b National agricultural research project (southern region) | ||
| 260 | |a Vellayani |b College of Agriculture |c 1988 | ||
| 300 | |a 31p.,xxxp.,5.5p. | ||
| 546 | |a English | ||
| 942 | |2 ddc |c IR | ||
| 999 | |c 162791 |d 162791 | ||
| 952 | |0 0 |1 0 |2 ddc |4 0 |6 IR_COASS_198788 |7 1 |8 IR |9 161872 |a KAUCLV |b KAUCLV |c IR |d 2018-11-30 |o IR COA/SS 1987-88 |p 207507 |r 2018-11-30 |w 2018-11-30 |y REP | ||